Star Wars, the Clone Wars : (Record no. 492662)
[ view plain ]
| 000 -LEADER | |
|---|---|
| fixed length control field | 00973nam a22002417a 4500 |
| 003 - CONTROL NUMBER IDENTIFIER | |
| control field | OSt |
| 005 - DATE AND TIME OF LATEST TRANSACTION | |
| control field | 20260511120505.0 |
| 008 - FIXED-LENGTH DATA ELEMENTS--GENERAL INFORMATION | |
| fixed length control field | 260511b |||||||| |||| 00| 0 eng d |
| 020 ## - INTERNATIONAL STANDARD BOOK NUMBER | |
| International Standard Book Number | 9781465426345 |
| 040 ## - CATALOGING SOURCE | |
| Original cataloging agency | Kenya National Library Service |
| 082 ## - DEWEY DECIMAL CLASSIFICATION NUMBER | |
| Classification number | 791.4572 DAK |
| 100 ## - MAIN ENTRY--PERSONAL NAME | |
| Personal name | Dakin, Glenn, |
| Relator term | author. |
| 245 ## - TITLE STATEMENT | |
| Title | Star Wars, the Clone Wars : |
| Remainder of title | jedi vs. Sith / |
| Statement of responsibility, etc. | written by Glenn Dakin. |
| 300 ## - PHYSICAL DESCRIPTION | |
| Extent | 191 pages : |
| Other physical details | colour illustrations ; |
| Dimensions | 26 cm. |
| 500 ## - GENERAL NOTE | |
| General note | Based on the television series Star Wars: The Clone Wars. |
| 520 ## - SUMMARY, ETC. | |
| Summary, etc. | An illustrated guide introducing young readers to the Jedi and Sith characters, battles, powers, weapons, and adventures featured in the Star Wars: The Clone Wars universe. |
| 521 ## - TARGET AUDIENCE NOTE | |
| Target audience note | Ages 8-12.<br/> |
| 650 ## - SUBJECT ADDED ENTRY--TOPICAL TERM | |
| Topical term or geographic name entry element | Star Wars films |
| Form subdivision | Juvenile literature. |
| 650 ## - SUBJECT ADDED ENTRY--TOPICAL TERM | |
| Topical term or geographic name entry element | Science fiction television programs |
| Form subdivision | Juvenile literature. |
| 942 ## - ADDED ENTRY ELEMENTS (KOHA) | |
| Source of classification or shelving scheme | Dewey Decimal Classification |
| Koha item type | Books |
| Suppress in OPAC | No |
| Withdrawn status | Source of classification or shelving scheme | Damaged status | Not for loan | Collection | Home library | Current library | Date acquired | Source of acquisition | Cost, normal purchase price | Total checkouts | Full call number | Barcode | Date last seen | Price effective from | Koha item type |
|---|---|---|---|---|---|---|---|---|---|---|---|---|---|---|---|
| Dewey Decimal Classification | Junior Books | Nakuru Library | Acquisition, Cataloguing, Classification and Distribution Development | 05/11/2026 | BAI | 479.00 | 791.4572 DAK | B234369 | 05/11/2026 | 05/11/2026 | Books |
